000 00702nam a2200229Ia 4500
001 246
003 GE_BSU
008 181216s||||||||xx |||||||||||||| ||und||
040 _cGE_BSU
080 _a336.7
100 _aასათიანი, როზეტა
245 _aფული და ფულადი სისტემები
245 _cრედ: მშვილდაძე, გიორგი
260 _aთბილისი
260 _bთბილისის უნ-ტის გამ-ბა
260 _c1991
300 _a64 გვ.
541 _h2 ლ.
653 _aფულადი სისტემები
653 _aფული
942 _cBK
999 _c34497
_d34497